| 000 | 00605cam a2200193 i 4500 | ||
|---|---|---|---|
| 999 |
_c7794 _d7794 |
||
| 003 | OSt | ||
| 005 | 20200521131511.0 | ||
| 008 | 130204s2012 enka 000 0 eng | ||
| 020 | _a9781408154984 (pbk.) | ||
| 082 | 0 | 0 |
_a740BEA _223 |
| 100 | 1 | _aBeale, Stephen. | |
| 245 | 1 | 0 |
_aGreat graphic design in half the time : _bthe best software secrets, online resources and desktop tips / _cStephen Beale. |
| 300 |
_a208 pages : _bcolor illustrations ; _c23 cm |
||
| 504 | _aIncludes index. | ||
| 650 | 0 | _aGraphic arts. | |
| 650 | 0 |
_aGraphic arts _xData processing. |
|
| 650 | 0 | _aComputer graphics. | |
| 942 | _2ddc | ||